00682nam a2200241 a 4500001001300000003000900013005001700022008004100039020001000080082001600090100002500106245001900131260004200150300000900192500003500201505001500236650002100251700002500272902000800297942000700305952011300312999001500425nice12345678IN_TiNIC20260116012658.0050524s1949 alia grp 000 0 urd  ac4.500a891.41bHUS aHussain, Saleha Abid aYaadgar-E-Hali aAligarhbAnjuman Taraqqi-E-Urduc1949 a271p aincludes index and biblioraphy2 aReferences aUrdu-Poetry-hali1 aHussain, Saleha Abid bSRS cBK 001040708StackRoom-aHMIbHMId2007-06-19g4.50l0o891.41 HUSp010889r2007-06-19v4.50w2005-05-24yBK c7912d7912